All CAW WrestleMania Main Events - Statistics

General Stats
  • This quiz has been taken 10 times
  • The average score is 25 of 76
Answer Stats
Hint Answer % Correct
ENA Dynamite S.
75%
SWE, IWA Joshie P
75%
YUW Doctor Z
63%
YUW Zack-O
63%
YWE, EWE, DWF Arrow
50%
CXW Brendan X
50%
RpW, DWF, YXW DoggyDog
50%
YXW, YIW, CXW Johnny Extreme
50%
YXW, XWP, ECCW, EWE, PASW, XCW Mario Sanchez
50%
XWP Matteo
50%
XWP Mr Macho
50%
EWE, YIW Phenom
50%
YWE, EWE PJ Skillz
50%
ENA Abysm
38%
PASW Adrian Destiny
38%
YWE Alieus
38%
YWE Angel
38%
XWP, ECCW Angel Alexander
38%
YWE Antho
38%
YWE Blue Star
38%
SWE Carlettinho
38%
DWF Casablanca
38%
YXW Christian Styles
38%
IWA Demon Spyke
38%
YWE Dynamite
38%
YWE Grimez
38%
ENA Herosta
38%
OCW Joe Angelo
38%
YXW Mart War
38%
SWE Mattista
38%
YWE Mr. Black
38%
ENA Nuru
38%
YWE Phsycoz
38%
YUW RJ
38%
RpW, DWF Roacher
38%
DWF Rocky'N
38%
ENA Rogan Rex
38%
WCA Savior
38%
SWE Sdollao
38%
PASW Shawn Michaels
38%
YXW Silvio
38%
ENA Sio Sebastian
38%
XWP Stunning Bradd
38%
ECCW Tech
38%
ENA The Phantom
38%
ENA The Savior
38%
ENA, YWE Undertaker
38%
YIW Vixx
38%
DWF, YUW Amazing Troy
25%
RCF Amon Drake
25%
PASW BD Thunder
25%
PASW Brian Thunder
25%
WCA Deadman
25%
YCW ED Master
25%
RpW Francaios
25%
RpW Jake Navor
25%
DWF Mike House
25%
ENA SCM
25%
ECCW TKE
25%
DWF, TCW Triple X
25%
WCA, EWE AJ Reyes
13%
OCW Caesar Dan
13%
YIW Chicago Son
13%
RCF Darien Dupes
13%
ENA Horror
13%
EWE Lula
13%
YXW, WCA M-Core
13%
XCW Syn
13%
YCW Tank
13%
ENA Thunder Fred
13%
YUW Ghostface
0%
TCW Jaqaun Frazier
0%
TCW Tommy Turbo
0%
YUW Viper
0%
TOW Viper X
0%
TOW Zero
0%
No matching quizzes found
Score Distribution
Percent of People with Each Score
Percentile by Number Answered
Your Score History
You have not taken this quiz